A different Christianity : early Christian esotericism and modern thought
Αποθηκεύτηκε σε:
| Κύριος συγγραφέας: | |
|---|---|
| Μορφή: | Βιβλίο |
| Γλώσσα: | English |
| Δημοσίευση: |
Albany :
State University of New York Press,
c1995
|
| Σειρά: | SUNY series in Western esoteric traditions
|
| Θέματα: | |
| Ετικέτες: |
Προσθήκη ετικέτας
Δεν υπάρχουν, Καταχωρήστε ετικέτα πρώτοι!
|
MARC
| LEADER | 00000cam a2200000 i 4500 | ||
|---|---|---|---|
| 001 | 1/82362 | ||
| 008 | 050727s1995 eng d | ||
| 020 | |a 0-7914-2572-X | ||
| 035 | |l 10079505 | ||
| 040 | |a GR-MY-UA |b gre |e aacr | ||
| 041 | 0 | |a eng | |
| 082 | 0 | |a 248 |2 (22) | |
| 100 | 1 | |a Amis, Robin. | |
| 245 | 1 | 2 | |a A different Christianity : |b early Christian esotericism and modern thought / |c Robin Amis |
| 260 | |a Albany : |b State University of New York Press, |c c1995 | ||
| 300 | |a xix, 388 σ.; |b εικ.; |c 24 εκ. | ||
| 490 | 1 | |a SUNY series in Western esoteric traditions | |
| 504 | |a Περιέχει βιβλιογραφία (σ. 353-380) και ευρετήριο | ||
| 650 | 0 | 0 | |a Spirituality |x Orthodox Eastern Church. |
| 650 | 0 | 0 | |a Occultism |x Religious aspects |x Orthodox Eastern Church. |
| 830 | 0 | |a SUNY series in Western esoteric traditions | |
| 852 | |a INST |b LESVOS |e 20050727 |h 248 AMI |p 005100032027 |q 005100032027 |t BK |y 0 | ||
| 901 | |a BIBL1-2005-2 | ||
| 909 | |a Λ |b 123920 | ||
| 970 | |a ΚΑΡΑ |b ΓΙΑΣΕΜΗ |z 2005/07/27 | ||